Tourism geography
Saved in:
| Main Author: | |
|---|---|
| Format: | Book |
| Language: | English |
| Published: |
London; New York :
Routledge,
1998
|
| Series: | Routledge contemporary human geography series
|
| Subjects: | |
| Tags: |
Add Tag
No Tags, Be the first to tag this record!
|
MARC
| LEADER | 00000cam a2200000 i 4500 | ||
|---|---|---|---|
| 001 | 1/39040 | ||
| 008 | 000202s1998 eng d | ||
| 020 | |a 0-415-14215-6 (pbk.) | ||
| 020 | |a 0-415-14214-8 (hbk.) | ||
| 035 | |l 10070550 | ||
| 040 | |a GR-MY-UA |b gre |e aacr | ||
| 041 | 0 | |a eng | |
| 082 | 0 | |a 338.4791 |2 (21) | |
| 100 | 1 | |a Williams, Stephen, |d 1951 May 30- | |
| 245 | 1 | 0 | |a Tourism geography / |c Williams Stephen |
| 260 | |a London; New York : |b Routledge, |c 1998 | ||
| 300 | |a x, 212 σ.; |b εικ., χαρτ., διαγρ.; |c 24 εκ. | ||
| 490 | 1 | |a Routledge contemporary human geography series | |
| 500 | |a Eπανεκτύπωση 2002 | ||
| 504 | |a Περιέχει βιβλιογραφία και ευρετήριο | ||
| 650 | 0 | 0 | |a Tourism. |
| 830 | 0 | |a Routledge contemporary human geography series | |
| 852 | |a INST |b CHIOS |e 20000202 |h 338.4791 WIL |p 005200019049 |q 005200019049 |t BK |y 0 | ||
| 852 | |a INST |b CHIOS |e 20040511 |h 338.4791 WIL |p 005200023230 |q 005200023230 |t BK |y 0 | ||
| 852 | |a INST |b LESVOS |e 20030807 |h 338.4791 WIL |p 005100026878 |q 005100026878 |t BK |y 0 | ||
| 901 | |a BIBL1-2003-2 | ||
| 901 | |a BIBL2-2000-1 | ||
| 901 | |a BIBL2-2003-3 | ||
| 909 | |a Λ |b 105870 | ||
| 909 | |a Χ |b 056046 | ||
| 909 | |a Χ |b 108866 | ||
| 922 | |a 1ΕΛΗ |b 200307 |c ΕΠΕΑΕΚ2/ΤΓ |d ΜΙΧΑΛΟΠΟΥΛΟΣ | ||
| 922 | |a 2ΕΛΗ |b 199912 |c ΤΔΕ |d ΠΑΠΑΣΩΤΗΡΙΟΥ | ||
| 950 | |a 118-2003-06-09 | ||
| 950 | |a 112-1999-11-11 | ||
| 970 | |a ΣΠΕΝΤΖΑ |b ΕΛΕΝΗ |z 2000/02/04 | ||